| 000 | 00380nam a2200169Ia 4500 | ||
|---|---|---|---|
| 001 | 1748 | ||
| 005 | 20260306143751.0 | ||
| 008 | 260306t9999||||xx |||||||||||||| ||spa|| | ||
| 041 | _aESP | ||
| 082 |
_a155.28 _bQ23 |
||
| 100 |
_aQuerol, Silvia Mabel _eAUT |
||
| 245 | 0 | _aLa persona bajo la lluvia | |
| 300 |
_a _c |
||
| 650 | _aGEN | ||
| 654 | _aCPS | ||
| 942 |
_cLIB _dJUS _fJUS _2ddc _n |
||
| 999 |
_c1748 _d1748 |
||